| 000 | 00500nam a2200181 a 4500 | ||
|---|---|---|---|
| 001 | 2332 | ||
| 003 | CO-ViMGA | ||
| 008 | 141112s2004 ck r 000 u spa d | ||
| 040 |
_aCO-ViMGA _bspa _cCO-ViMGA |
||
| 082 | 0 | 4 | _a621.380413 T353 |
| 100 | 1 |
_aTemes, Lloyd _951152 |
|
| 245 | 1 | 0 | _aTeoria y problemas para comunicación electrónica |
| 260 |
_aMexico : _bMcGraw Hill, _c1980 |
||
| 300 | _a143 p | ||
| 490 | _aCompendios Schaum | ||
| 650 | 1 | 4 |
_aELECTRONICA - COMUNICACIONES _951153 |
| 942 |
_2ddc _cBK |
||
| 999 |
_c14431 _d14431 |
||